000 00535cam a2200181 4500500
005 20260329002956.0
041 _afre
042 _adc
100 1 0 _aNathan, Tobie
_eauthor
245 0 0 _aMarteler la rate (Corrèze)
260 _c2014.
500 _a65
690 _aCorrèze
690 _aGuérisseur
690 _aTobie Nathan
786 0 _nPhilosophie magazine | 79 | 5 | 2014-05-01 | p. 56-56 | 1951-1787
856 4 1 _uhttps://shs.cairn.info/magazine-philosophie-magazine-2014-5-page-56?lang=fr&redirect-ssocas=7080
999 _c1820188
_d1820188